000 00418 a2200145 4500
999 _c7182
_d7182
020 _an/a
050 _aHD 31.9763 REN 2002
100 _aRenton, B Michael
_eauthor
245 _aLeading Group Discussions
_cMichael B Renton,
264 _aSouth Africa.
_bInstitute of personnel management
_c2002
300 _a48p.:
500 _aincludes references
650 _aGroup discussions
942 _2lcc
_cBK
_h31.9763
_iREN
_kHD